Have they won the FIFA World Cup? - Statistics

General Stats
  • This quiz has been taken 1,008 times
  • The average score is 14 of 15
Answer Stats
Hint Answer % Correct
Brazil Yes
99%
Argentina Yes
99%
China No
98%
Italy Yes
98%
Germany Yes
98%
France Yes
98%
Spain Yes
98%
Scotland No
97%
South Korea No
97%
Uruguay Yes
95%
England Yes
95%
Russia No
94%
Belgium No
93%
Portugal No
88%
Netherlands No
84%
No matching quizzes found
Score Distribution
Percent of People with Each Score
Percentile by Number Answered
Your Score History
You have not taken this quiz